| 000 | 00733nam a22002297a 4500 | ||
|---|---|---|---|
| 999 |
_c19659 _d19659 |
||
| 003 | AR-CdUCM | ||
| 008 | 190518b ||||| |||| 00| 0 spa d | ||
| 040 |
_aMUNICIPALIDAD PROVINCIAL DEL CUSCO _cBIBLIOTECA MUNICIPAL DEL CUSCO |
||
| 082 |
_22ed. _a573.2 / _bM83 |
||
| 100 |
_aMorris, Desmond _935692 |
||
| 245 | _aEl mono desnudo / | ||
| 260 |
_aArgentina : _bEmece, _c1971. |
||
| 300 |
_a261 paginas ; _c20 cm |
||
| 500 | _aTitulo original:The naked ape | ||
| 505 | _aContenido : Orígenes -- Sexo -- Crianza -- Exploración -- Lucha... | ||
| 650 |
_aEl mono _941131 |
||
| 650 |
_aAnimales _9917 |
||
| 650 |
_aAlimentación _919429 |
||
| 700 |
_aM. C. (Traducción) _941132 |
||
| 942 |
_2ddc _cLIBROS |
||
| 945 |
_awnts _d2019-05-18 |
||